| 000 | 00535cam a22002171 4500 | ||
|---|---|---|---|
| 001 | sa 64005937 | ||
| 003 | DLC | ||
| 005 | 20260227112036.0 | ||
| 008 | 890630s1964 ii 000 0 beno | ||
| 010 | _asa 64005937 | ||
| 035 | _a(OCoLC)19955975 | ||
| 040 |
_aDLC _cWaU _dDLC |
||
| 042 | _apremarc | ||
| 050 | 0 | 0 |
_aZ695 _b.B56 |
| 100 | 1 |
_aBhattacharya, Krishnamay, _d1914- |
|
| 245 | 1 | 0 | _aBishaẏa ṡironāma. |
| 260 | _c[1964] | ||
| 300 |
_a7,104 p. _c26 cm. |
||
| 500 | _aIn Bengali. | ||
| 650 | 0 | _aSubject headings, Bengali. | |
| 999 |
_c59419 _d59419 |
||